Statistics for The 8 Planets of Solar System - Map Quiz

Click here to take the quiz!

General Stats

  • This quiz has been taken 1,458 times
    (729 since last reset)
  • The average score is 6 of 8

Answers on the Map

Answers color-coded by a green-red scale on the quiz's map according to % correct below.
Loading ...
 

Answer Stats

Answer% Correct
Earth
87%
Saturn
84%
Jupiter
79%
Mars
76%
Neptune
73%
Mercury
71%
Venus
70%
Uranus
67%

Score Distribution

Percentile by Number Answered

Percent of People with Each Score

Your Score History

You have not taken this quiz since the last reset